000 01443nam a2200301 i 4500
003 EG-GICUC
005 20260121101545.0
008 251229s1996 le ||||fr|||| 00| 0 ara d
040 _a EG-GICUC
_bara
_c EG-GICUC
_d EG-GICUC
_erda
041 _aara
082 0 4 _221
_a343.6
_bس ل . أ
092 0 4 _221
099 _aLaw1 10 343.6 س ل . أ 1996
100 0 _aسليمان عبد المنعم
_eمؤلف.
245 1 0 _aأصول علم الاجرام والجزاء :
_bإشكاليات تأصيل علم الإجرام - التحليل الوصفى لظاهرة الجريمة - التحليل التفسيري لعوامل الإجرام ظرية الجزاء الجنائى، فلسفة الجزاء الجنائى /
_cسليمان عبد المنعم .
264 1 _aبيروت :
_bالمؤسسة الجامعية للدراسات والنشر والتوزيع ،
_c1996.
300 _a637 صفحة ؛
_c24 سم.
336 _2rda content
_atext
337 _2rda media
_aComputer
338 _2rda carrier
_aOnline Resource
504 _aيحتوي على ارجاعات ببليوجرافية
546 _aالنص أغلبه باللغة العربية بعض النصوص الإنجليزية والفرنسية
650 1 4 _aعلم الإجرام
_xالقانون الجنائي
650 1 4 _aالجزاء
856 4 0 _uhttps://fll.law.cu.edu.eg/fulltext/bks/B10-07342.pdf
905 _a75
942 _2ddc
_cBK
_e21
_n0
999 _c52987
_d52987